|
|
|
|
| LEADER |
00000nam a2200000 a 4500 |
| 001 |
vtls001464233 |
| 003 |
SK-MaSNL |
| 005 |
20260301121701.0 |
| 008 |
180810s1807 xo 0 hun |
| 035 |
|
|
|a SNK000419538
|
| 040 |
|
|
|a SNKHF
|b slo
|c SNK
|e AACR2
|
| 041 |
0 |
|
|a hun
|
| 044 |
|
|
|a xo
|c SK
|
| 072 |
|
7 |
|a 929.5/.9
|x Genealógia. Heraldika. Šľachta. Vlajky
|2 konspekt
|
| 080 |
|
|
|a 929.732
|2 2011
|
| 100 |
1 |
|
|a Csoma, József,
|d 1848-1917
|4 aut
|9 462208
|
| 245 |
1 |
|
|a Abauj-Torna Vármegye Nemes Családjai
|c Irta Csoma József
|
| 246 |
3 |
5 |
|a Abauj-Torna Egyesült Vármegyék Monographiája
|n I. Kötet
|
| 260 |
|
|
|a Kassa
|b Forster, Wesselényi És Társai Könyvnyomdája
|c 1897
|
| 300 |
|
|
|a XIV, [4], 672, [4] s.
|c 26 cm
|
| 504 |
|
|
|a Poznámky pod textom
|
| 650 |
0 |
7 |
|a šľachtické rody
|2 SNKPH
|9 31798
|
| 710 |
2 |
|
|a Forster, Wesselényi És Társai Könyvnyomdája (Košice, Slovensko)
|4 prt
|9 466146
|
| 752 |
|
|
|a Slovensko
|d Košice
|
| 852 |
|
|
|a snk
|p SC 763/1
|
| 958 |
|
|
|a ONDV
|
| 958 |
|
|
|a DF
|
| 999 |
|
|
|c 730271
|d 732201
|
| 952 |
|
|
|a SNK
|b SNK
|y PREZ
|7 0
|p 17A0715220
|o snkSC 763/1
|i snkKSK 436/56
|8 3
|0 0
|1 0
|4 0
|d 2011-11-14
|l 0
|r 2025-06-04 00:00:00
|w 2026-02-23
|
| 952 |
|
|
|a SNK
|b SNK
|c SNK_HF
|y PREZ
|7 0
|p 17A0406789
|o snkSC 763/1 D1
|i snkKSK 799/57
|8 3
|3 rekatalogizácia
|0 0
|1 0
|4 0
|d 2003-11-28
|l 0
|r 2005-01-02 00:00:00
|w 2026-02-23
|
| 952 |
|
|
|a SNK
|b SNK
|c SNK_HF
|y PREZ
|7 0
|p 17A0406743
|o snkSC 763/1 D2
|i snk730/31
|3 rekatalogizácia
|0 0
|1 0
|4 0
|d 2003-11-28
|l 0
|r 2005-01-02 00:00:00
|w 2026-02-23
|
| 952 |
|
|
|a SNK
|b SNK
|c SNK_HF
|y PREZ
|7 0
|p 17A0406744
|o snkSC 763/1 D3
|i snk32/50
|3 rekatalogizácia
|0 0
|1 0
|4 0
|d 2003-11-28
|l 0
|r 2005-01-02 00:00:00
|w 2026-02-23
|